Elenca la formazione - Quiz n°82 - Statistics

Statistiche generali
  • Questo quiz è stato fatto 112 volte
  • Il punteggio medio è 10 su 11
Statistiche sulle risposte
Ruolo Nazione Calciatore % Corretto
Attaccante Portogallo Cristiano Ronaldo
100%
Difensore Italia Leonardo Bonucci
100%
Difensore Brasile Alex Sandro
98%
Centrocampista Bosnia ed Erzegovina Miralem Pjanić
98%
Attaccante Argentina Paulo Dybala
98%
Attaccante Brasile Douglas Costa
95%
Centrocampista Uruguay Rodrigo Bentancur
94%
Portiere Polonia Wojciech Szczęsny
94%
Difensore Portofallo João Cancelo
90%
Centrocampista Francia Blaise Matuidi
86%
Difensore Italia Giorgio Chiellini
19%
Nessun quiz corrispondente trovato
Distribuzione punteggi
Percentuale di utenti per punteggio
Percentile per numero di risposta
I tuoi punteggi nel tempo
Non hai fatto questo quiz